Environmental management: (Record no. 11382)

MARC details
000 -LEADER
fixed length control field 00835 a2200229 4500
010 ## - LIBRARY OF CONGRESS CONTROL NUMBER
LC control number ENG-89791
020 ## - INTERNATIONAL STANDARD BOOK NUMBER
International Standard Book Number 8180694100
Terms of availability 500.00
035 ## - SYSTEM CONTROL NUMBER
System control number EN-73324
037 ## - SOURCE OF ACQUISITION
Source of stock number/acquisition DBAD / VEN
082 14 - DEWEY DECIMAL CLASSIFICATION NUMBER
Classification number 363.7
090 ## - LOCALLY ASSIGNED LC-TYPE CALL NUMBER (OCLC); LOCAL CALL NUMBER (OCLC)
-- 11702
-- 11702
100 1# - MAIN ENTRY--PERSONAL NAME
Personal name Ravichandran, M.
245 1# - TITLE STATEMENT
Title Environmental management:
Statement of responsibility, etc by M. Ravichandran [and]S. Boopathi
Remainder of title issues in potable water in rurlal Tamil Nadu/
260 ## - PUBLICATION, DISTRIBUTION, ETC. (IMPRINT)
Place of publication, distribution, etc New Delhi
Name of publisher, distributor, etc Concept Publishing Co.
Date of publication, distribution, etc 2007
260 ## - PUBLICATION, DISTRIBUTION, ETC. (IMPRINT)
Name of publisher, distributor, etc Book Link (India)
270 ## - ADDRESS
Address A/15-16, commercial Block, Mohan Garden,
Postal code 110 059.
City New Delhi
State or province Delhi
300 ## - PHYSICAL DESCRIPTION
Extent xviii, 244p.:
Dimensions 21 cm (Hb)
500 ## - GENERAL NOTE
General note Includes bibliographical references & index.
700 ## - ADDED ENTRY--PERSONAL NAME
Personal name Boopathi, S.
942 ## - ADDED ENTRY ELEMENTS (KOHA)
Institution code [OBSOLETE] dpl
Koha item type English Books
Call number prefix 363.7/ RAV
Holdings
Withdrawn status Lost status Source of classification or shelving scheme Damaged status Not for loan Collection code Home library Current library Source of acquisition Cost, normal purchase price Total Checkouts Full call number Barcode Date last seen Copy number Uniform Resource Identifier Cost, replacement price Price effective from Koha item type
    Dewey Decimal Classification   Not For Loan Non-fiction D.B.Act.Division D.B.Act.Division DBAD/PUB 500.00   363.7 RAV EN-73324 15/09/2008 1 12494 500.00 15/09/2008 English Books

© Delhi Public Library
Hit Counter
free hit counter